000 00606nam a2200217Ia 4500
005 20250508164611.0
008 008 250505s9999 xx 000 0 eng d
020 _a0-550-20712-0
037 _aTextual
040 _aFEDL
_beng
_cFEDL
041 _aeng
_2eng
084 _a425.007, WIN
_qFEDL
100 _aWingate Jim
_9778576
245 0 _aGetting beginners to talk
260 _aNew York, USA
_bPrientice-Hall, Inc.
_c1993
300 _aix,165p.
490 _aClassroom techniques and resources
546 _aMACESE
942 _cTEXL
_h425.007, WIN
999 _c1390074
_d1390074